| 000 | 00698nam a2200241Ia 4500 | ||
|---|---|---|---|
| 005 | 20250425162837.0 | ||
| 008 | 250425s9999 xx 000 0 und d | ||
| 020 | _a9781337406642 | ||
| 041 | _aeng | ||
| 082 |
_a388 _pNOV |
||
| 100 | _aNovack, Robert A. | ||
| 245 | 0 |
_aTransportation _ba global supply chain perspective _cRobert A. Novack, Brian J. Gibson, Yoshinori Suzuki, John J. Coyle |
|
| 250 | _a9th ed. | ||
| 260 |
_aBoston _bCengage _c2019 |
||
| 300 | _a491 páginas | ||
| 650 | _aLogística empresarial | ||
| 650 | _aTransporte-Gestión | ||
| 700 | _aCoyle, John J Coyle | ||
| 700 | _aGibson, Brian J. | ||
| 700 | _aSuzuki, Yoshinori | ||
| 942 | _c01 | ||
| 010 | _a112447 | ||
| 999 |
_c237582 _d237582 |
||